Estimación y clasificación de las propiedades mecánicas de 149 especies mexicanas de importancia industrial con métodos no destructivos / (Record no. 218841)
[ view plain ]
| 000 -CABECERA | |
|---|---|
| campo de control de longitud fija | 02969nam a2200289 a 4500 |
| 003 - IDENTIFICADOR DEL NÚMERO DE CONTROL | |
| campo de control | OSt |
| 005 - FECHA Y HORA DE LA ÚLTIMA TRANSACCIÓN | |
| campo de control | 20251110133703.0 |
| 007 - CAMPO FIJO DE DESCRIPCIÓN FÍSICA--INFORMACIÓN GENERAL | |
| campo de control de longitud fija | cr ||||||a|c|a |
| 008 - DATOS DE LONGITUD FIJA--INFORMACIÓN GENERAL | |
| campo de control de longitud fija | 230526s2020 mx ||||fom||| 001 0 s d |
| 040 ## - FUENTE DE LA CATALOGACIÓN | |
| Normas de descripción | rda |
| 100 1# - ENTRADA PRINCIPAL--NOMBRE DE PERSONA | |
| 9 (RLIN) | 134029 |
| Nombre de persona | Torres Ceballos, Diana Laura |
| 245 10 - MENCIÓN DE TÍTULO | |
| Título | Estimación y clasificación de las propiedades mecánicas de 149 especies mexicanas de importancia industrial con métodos no destructivos / |
| Mención de responsabilidad, etc. | Por Diana Laura Torres Ceballos; director de tesis Amparo Borja de la Rosa. |
| 264 #1 - PRODUCCIÓN, PUBLICACIÓN, DISTRIBUCIÓN, FABRICACIÓN Y COPYRIGHT | |
| Producción, publicación, distribución, fabricación y copyright | Chapingo, México : |
| Nombre del de productor, editor, distribuidor, fabricante | El autor, |
| Fecha de producción, publicación, distribución, fabricación o copyright | 2020 |
| 300 ## - DESCRIPCIÓN FÍSICA | |
| Extensión | 1 recurso en línea (93 páginas): |
| Otras características físicas | Cuadros y figuras |
| 336 ## - TIPO DE CONTENIDO | |
| Fuente | rdacontent |
| Término de tipo de contenido | texto |
| Código de tipo de contenido | txt |
| 337 ## - TIPO DE MEDIO | |
| Fuente | rdamedia |
| Nombre/término del tipo de medio | computadora |
| Código del tipo de medio | c |
| 338 ## - TIPO DE SOPORTE | |
| Fuente | rdacarrier |
| Nombre/término del tipo de soporte | recurso en línea |
| Código del tipo de soporte | cr |
| 502 ## - NOTA DE TESIS | |
| Tipo de título | Maestría en Ciencias en Ciencias Forestales |
| Nombre de la institución que otorga el título | División de Ciencias Forestales, |
| Año de obtención del título | 2020. |
| Información miscelánea | Maestría |
| 504 ## - NOTA DE BIBLIOGRAFÍA, ETC. | |
| Nota de bibliografía, etc. | Incluye referencias bibliográficas: páginas 88-93. |
| 520 ## - SUMARIO, ETC. | |
| Sumario, etc. | El conocimiento de las propiedades tecnológicas de las especies maderables es importante para elegir el aprovechamiento que se les dará a las mismas. De dichas propiedades destacan las mecánicas las cuales se obtienen a partir de pruebas destructivas de probetas de madera, sin embargo la tendencia mundial hacía la conservación de los recursos ha generado la creación de ensayos y modelos no destructivos para la estimación de éstas sin dañar el material experimental, por lo tanto el objetivo de esta investigación fue comparar dos modelos como métodos no destructivos para la estimación de las propiedades mecánicas de especies mexicanas y compararlas con las obtenidas por medio de un ensayo de ultrasonido. Se utilizaron 149 tabletas de dimensiones 0.13 x 0.7 x 0.01 m de largo, ancho y grueso a un contenido de humedad del 14%, se clasificaron en 3 grupos, Latifoliadas con 111 especies, Coníferas con 23 y uno del género Quercus con 14, se midieron el peso y volumen en estado saturado, en equilibrio y anhidro y se midió el tiempo de transmisión de la onda de ultrasonido en sentido longitudinal de las tabletas. Se calcularon las densidades básicas, en equilibrio y normal y se estimaron las propiedades mecánicas por medio de dos modelos de regresión. Con los tiempos de ultrasonido se calcularon las velocidades y con la densidad básica se estimaron los Módulos de Elasticidad de las especies. La comparación entre los modelos de regresión determinó que ambos son viables para estimar las propiedades mecánicas en especies mexicanas mientras que para la estimación de los módulos de elasticidad por ultrasonido se obtuvo un valor de 1.1432 para ajustar los valores obtenidos con el equipo Fakopp. |
| 650 #4 - PUNTO DE ACCESO ADICIONAL DE MATERIA--TÉRMINO DE MATERIA | |
| 9 (RLIN) | 69621 |
| Término de materia o nombre geográfico como elemento de entrada | Madera |
| Subdivisión general | Propiedades y usos |
| 650 #4 - PUNTO DE ACCESO ADICIONAL DE MATERIA--TÉRMINO DE MATERIA | |
| 9 (RLIN) | 69607 |
| Término de materia o nombre geográfico como elemento de entrada | Madera |
| Subdivisión general | Estructura |
| 650 #4 - PUNTO DE ACCESO ADICIONAL DE MATERIA--TÉRMINO DE MATERIA | |
| 9 (RLIN) | 69629 |
| Término de materia o nombre geográfico como elemento de entrada | Madera |
| Subdivisión general | Tecnología |
| 700 0# - PUNTO DE ACCESO ADICIONAL--NOMBRE DE PERSONA | |
| Nombre de persona | Borja de la Rosa, María Amparo Máxima |
| Término indicativo de función/relación | director. |
| 9 (RLIN) | 13880 |
| 856 ## - LOCALIZACIÓN Y ACCESO ELECTRÓNICOS | |
| Identificador Uniforme del Recurso | http://10.13.5.2/tesis/tm/Torres_Ceballos_Diana_Laura.pdf |
| Nota pública | DESCARGAR PDF |
| 942 ## - ELEMENTOS DE PUNTO DE ACCESO ADICIONAL (KOHA) | |
| Fuente del sistema de clasificación o colocación | Clasificación Universidad Autónoma Chapingo |
| Tipo de ítem Koha | Tesis digital |
| Estado de retiro | Estado de pérdida | Fuente del sistema de clasificación o colocación | Estado dañado | Restricciones de uso | No para préstamo | Código de colección | Localización permanente | Ubicación/localización actual | Ubicación en estantería | Fecha de adquisición | Total de préstamos | Signatura topográfica completa | Fecha visto por última vez | Precio válido a partir de | Tipo de ítem Koha |
|---|---|---|---|---|---|---|---|---|---|---|---|---|---|---|---|
| Clasificación Universidad Autónoma de Chapingo | Préstamo interno | Tesis digitales de Maestría | Biblioteca Digital | Biblioteca Digital | En línea | 26/05/2023 | Tesis digital | 26/05/2023 | 26/05/2023 | Tesis digital |
